Qui suis-je ? #04 - Statistiques

Statistiques générales
  • Ce quiz a été pris 319 fois
  • Le résultat moyen est 5 sur 5
Statistiques - réponses
Indices Personnages % Correct
Je suis un personnage de fiction américain appartenant à l'univers Disney, apparaissant principalement dans des dessins animés, dans des bandes dessinées et des jeux vidéo.Je suis une souris anthropomorphe. Je suis un véritable ambassadeur de la Walt Disney Company. J’ai été créé en 1928. Je suis connu et reconnu dans le monde entier, ma célèbre silhouette formée de trois cercles étant devenue indissociable de la marque Disney. Je suis... Mickey Mouse
98%
Je suis né en juillet 100 av. J.-C. à Rome et mort le 15 mars 44 av. J.-C. dans la même ville.
Je suis issu d'une famille patricienne remontant aux temps les plus anciens de l'histoire de Rome. Le surnom de ma famille, signifie « celui qui taille », indique qu'un de mes ancêtres s'était distingué à la guerre avec son épée. Je revendique une ascendance remontant à Vénus.
Vers 80 avant J.-C. je m’engage au sein de l’armée. Suite à la prise de Mytilène, je suis récompensé par une couronne civique (la plus grande décoration militaire, habituellement décernée pour avoir sauvé au combat la vie d'un concitoyen). De retour à Rome, je débute ma vie publique en attaquant en justice le proconsul Cnaeus Cornelius Dolabella et contre Caius Antonius Hybrida. Je suis élu en 63 av. J.-C. au titre de pontifex maximus grâce à une campagne financée par Crassus. Je suis élu consul en 59 av. J.-C. J’ai mené a guerre des Gaules est une série de campagnes militaires contre plusieurs tribus gauloises. La guerre de Rome contre ces tribus dure de 58 à 51-50 av. J.-C., et aboutit à la décisive bataille d'Alésia en 52 av. Je suis mort, assassiné notamment par mon fils adoptif Brutus. Je suis...
Jules César
97%
Je suis né le 18 juillet 1918 à Mvezo et mort le 5 décembre 2013 à Johannesburg.Je suis avocat. Le 5 août 1962, je suis arrêté par la police sud-africaine sur indication de la CIA, puis suis condamné à la prison et aux travaux forcés à perpétuité lors du procès de Rivonia. Dès lors, je deviens un symbole de la lutte pour l'égalité raciale et bénéficie d'un soutien international croissant.
Je suis l'un des dirigeants historiques de la lutte contre le système politique institutionnel de ségrégation raciale (apartheid) avant de devenir président de la République d'Afrique du Sud de 1994 à 1999, à la suite des premières élections nationales non ségrégationnistes de l'histoire du pays.
Je suis...
Nelson Mandela
96%
Je suis né le 25 octobre 1881 à Malaga et mort le 8 avril 1973 à Mougins.Je suis est un peintre, dessinateur, sculpteur et graveur espagnol ayant passé l'essentiel de ma vie en France. Je suis considéré comme l'un des fondateurs du cubisme avec Georges Braque et un compagnon d'art du surréalisme. J’ai produit près de 50 000 œuvres dont 1 885 tableaux, 1 228 sculptures, 2 880 céramiques, 7 089 dessins, 342 tapisseries, 150 carnets de croquis et 30 000 estampes (gravures, lithographies, etc.). Parmi mes œuvres les plus célèbres figurent le proto-cubiste Les Demoiselles d'Avignon (1907) et Guernica (1937), une représentation dramatique du bombardement de Guernica pendant la guerre civile espagnole. Je suis... Pablo Picasso
96%
Je suis une femme de lettres britannique, auteur de nombreux romans policiers.Je suis née le 15 septembre 1890 à Torquay, Royaume-Uni, et morte le 12 janvier 1976 à Wallingford au Royaume-Uni. Mon nom de plume est associé à celui de ses deux héros : Hercule Poirot, détective professionnel belge, et Miss Marple, détective amateur. On me surnomme la « reine du crime ». J’ai aussi écrit plusieurs romans, dont quelques histoires sentimentales, sous le pseudonyme de Mary Westmacott. Je suis... Agatha Christie
86%
Aucun quiz correspondant
Distribution des résultats
% des personnes avec chaque résultat
Percentile par nombre de réponses
Votre historique - résultats
Vous n’avez pas pris ce quiz